| 000 | 00601nam a2200253Ia 4500 | ||
|---|---|---|---|
| 999 |
_c39 _d39 |
||
| 003 | OSt | ||
| 005 | 20230520112810.0 | ||
| 008 | 151016s9999 xx 000 0 und d | ||
| 020 | _a9.7811190329e+012 | ||
| 040 | _cLIC | ||
| 082 | _aDC 629.23 | ||
| 082 | _bAu8 | ||
| 245 | _aAutomotive handbook/ | ||
| 250 | _a9th Edition | ||
| 260 | _aGermany | ||
| 260 | _bRobert Bosch GmbH | ||
| 260 | _cc2014 | ||
| 300 | _a1544 pages; | ||
| 300 | _c22 cm. | ||
| 650 |
_aAutomobiles _xHandbook, manual, etc _948392 |
||
| 650 |
_xDesign and Construction _948393 |
||
| 942 |
_cBK _2ddc |
||
| 942 |
_aDDC _2ddc _cDC |
||